000 nam a22 7a 4500
999 _c9332
_d9332
008 180127b ||||| |||| 00| 0 eng d
100 _aBhusan,B,etal.
_95585
245 _aNew Course Science Chemistry-X
260 _aNew Delhi
_bArya
_c2007